00363nam a22001337a 4500003000500000005001700005008004100022038001600063082001300079100001800092245004900110260005000159300002000209NUST20180525053101.0180525b ||||| |||| 00| 0 eng d aSNS Library a543.0858 aM. F. Lappert aPhysical Inorganic Chemistry cM. F. Lappert aNew York bElsevier Publishing Company c1968 axii,420 p.bPb.